000 00815nam a2200241 i 4500
001 103578
003 ES-MaACL
005 20250807210331.0
007 t|
008 060418s1975 sp |||| | spa d
020 _a84-7380-026-5
080 _a612.62
100 1 _aValverde, José Antonio.
_9113011
245 1 4 _aLas españolas en secreto
_b: comportamiento sexual de la mujer en España /
_cJosé Antonio Valverde, Dr. Adolfo Abril ; prólogo por el profesor López Ibor.
250 _a7ª ed.
260 _aMadrid :
_bSedmay,
_c1975.
300 _a303 p. ;
_c21 cm.
650 4 _aMujeres-
_xConducta sexual-
_zEspaña
_915260
700 1 _aAbril, Adolfo,
_d1939-2007
_918159
700 1 _aLópez Ibor, Juan José,
_d1906-1991
_973703
852 _aES-MaACL
_jC-56890
999 _c103578
_d103578